| 000 | 00544nam a2200193 a 4500 | ||
|---|---|---|---|
| 001 | 1761540178710 | ||
| 003 | ACL | ||
| 005 | 20251027101421.0 | ||
| 008 | 251027s2002##################000#0#eng## | ||
| 020 | _a9781402004872 | ||
| 082 | 0 | 4 |
_a658.7 _bGEU |
| 100 | 1 |
_aGeunes, Joseph, _eauthor. |
|
| 245 | 1 | 0 | _aSupply Chain Management: Models, Applications, and Research Directions : |
| 260 |
_bSpringer Science & Business Media, _c2002. |
||
| 300 | _a400 pages | ||
| 650 | 0 | _aBusiness & Economics. | |
| 942 | _cENGLISH | ||
| 040 |
_aACL _beng _cACL |
||
| 999 |
_c594208 _d594208 |
||